000 00716nam a2200217Ii 4500
003 JO-AjNU
008 230605s9999||||xx |||||||||||||| ||und||
017 _a1989/213
040 _aJO-AjNU
_bara
_erda
_cJO-AjNU
041 _aara
050 1 4 _aBP70.K5492.1989
100 3 _aالكيلاني،نجم الدين محي الدين,
_eauthor
_914079
245 0 0 _aرجال صدقوا ما عاهدوا الله عليه:سير ومناقب كبار الصحابة
250 _aط1
264 3 1 _aبغداد:مكتبة النهضة ،1989
300 _a87ص
336 _atext
_btxt
_2rdacontent
337 _aunmediated
_bn
_2rdamedia
338 _avolume
_bnc
_2rdacarrier
650 4 _aسير الصحابة
_914080
999 _aA3670
_c7238
_d7238